000 00687nam a2200205Ia 4500
003 OSt
005 20250814104236.0
008 210210b2003 xxu||||| |||| 00| 0 eng d
040 _cAL
041 _aKannada
082 _aK894.109 SHIV
100 _aSHIVANANDA (V)
_dಶಿವಾನಂದ (ವಿ)
_9235448
245 _aVachanasahityadalli samaja bhashika chintanegalu.
_bವಚನಸಾಹಿತ್ಯದಲ್ಲಿ ಸಮಾಜ ಭಾಷಿಕ ಚಿಂತನೆಗಳು.
260 _aDharavada
_bShri Basaveshvara Peeta
_c2003
300 _axvi,214
650 _aVachanasahitya
_9235449
690 _aKannada Poetry Criticism
_9235450
906 _aSG04254
942 _2ddc
_cBK
999 _c115227
_d115227